01253nam a22001817a 4500008004100000020001800041020001500059082001700074100005900091245008400150260003200234300002500266505068400291650001900975653002800994653001801022653003101040160601b xxu||||| |||| 00| 0 eng d a9789871701469 a9871701462 a709.2bV492m aRob Verf; María Elena Lucero; María José Herrera aEl Momento = The MomentcRob Verf; María Elena Lucero; María José Herrera aBuenos AiresbElalephc2012 a208 pagb illc21 cm tAmerican Beuty is not real. Seis notas sobre algunas fricciones visuales.rMaria Elena LucerotRob verf. La pintura espejo del ser.rMaria José HerreratEl Momento I The MomentrRob Verf tInsomniotDibujos secretos tUtrech tPintura anticomercial tHappeningstDar forma a los pensamientos tNada tSeries tRotterdam tBasura tRusia tExperimentación tBuenos Aires tUruguay tLa Crisis tEl bombon de constitución tEl maestro tNueva york tEnseñando y aprendiendo tMovimiento tProducto XtColor tForma y Color tEspacio/Habitación t¿No somos todos prisioneros de la caverna de Platon tPalabras de agradecimientotBiografia de Rob Verf tSobre los autores  aRob Verf 1964- aArtistas - Biografía  aArte Moderno  aArtistas - Países Bajos